LEADER 01944nam a2200325 i 4500 001 000000251157 003 CaOOAMICUS 005 20230208113459.0 008 160909s1788 it u000 u lat u 026 $ae.is m.is n-s, siI. (3) 1788 (R) 040 $aSeMil$bita 100 1 $aBenedictus XIV,$c.$0(OLS)http://semarc/name/2625 245 10$aBenedicti 14. pont. opt. max. olim Prosperi cardinalis Lambertinis ... De sacrosancto missae sacrificio libri tres ... Accedunt appendices autiores ex operibus ejusd. Pontificis petitae, una cum Indice multiplici locupletissimo .. 250 $aSeptima editio latina post plurimas Italas auctior et castigatior. Ad usum Academiae liturgicae Conimbricensis .. 260 $aVenetiis :$bTypis Antonii Zattae & filiorum,$c1788. 300 $aXX, 240 p. ;$cfol. 500 $aVignetta calcogr. (stemma papale) sul front. stampato in rosso e nero 500 $aSegn.: a-b4 c2 A-2F4 2G2 650 4$aMessa - Sacrificio.$0(OLS)http://semarc/subject/7027 700 1 $aZatta, Antonio,$c.$0(OLS)http://semarc/name/4957 773 0 $aBenedictus XIV $tSS.D.N. Benedicti 14. Opera in duodecim tomos distributa tomus 1. [-12.].$dRomae : Excudebant Nicolaus et Marcus Palearini, 1747-1751.$g9$w()23945 850 $aSeMil 852 $aSeMil$W1$xVenegono$y1$m3K VIII 10 FA$j201503$B201503$CSeMilBibl$Z2$F213479 $8I 900 1 $aLambertini, Prospero. 900 0 $aBenedetto XIV$c. 996 $6245$aBenedicti 14. pont. opt. max. olim Prosperi cardinalis Lambertinis ... De sacrosancto missae sacrificio libri tres ... Accedunt appendices autiores ex operibus ejusd. Pontificis petitae, una cum Indice multiplici locupletissimo ..$9(OLS)http://semarc/title/353286 996 $6260$aVenetiis :$bTypis Antonii Zattae & filiorum$9(OLS)http://semarc/publisher/55451 LEADER 01123nam a2200253 i 4500 001 000000112582 003 CaOOAMICUS 005 20030225000000.0 008 030225s1976 it u000 u ita u 013 $a85266 040 $aSeMil$bita 245 13$aIl Corano :$bnuova versione letterale italiana /$ccon preparazione e note critico-illustrative del dott. Luigi Bonelli già Titolare del R. Istituto Orientale di Napoli. 250 $a2. edizione riveduta e migliorata. 260 $aMilano :$bHoepli,$ccopyr. 1976. 300 $aXXIII, 614 p. ;$c16 cm. 490 0 $aManuali Hoepli 650 4$aCorano - Traduzioni italiane.$0(OLS)http://semarc/subject/10202 700 1 $aBonelli, Luigi,$d<1865-1947>.$0(OLS)http://semarc/name/47132 830 0$aManuali Hoepli.$0(OLS)http://semarc/title/7639 850 $aSeMil 852 $aSeMil$W1$xVenegono$y1$m154 9 24 *$j68312$B68312$CSeMilBibl$Z2$F74282 $81 961 $aLascito: Radaelli mons. Edoardo 996 $6245$aIl Corano :$bnuova versione letterale italiana$9(OLS)http://semarc/title/164150 996 $6260$aMilano :$bHoepli$9(OLS)http://semarc/publisher/31184